One flew over the cuckoo's nest /

Guardado en:
Autor Principal: Kesey, Ken
Formato: Libro
Publicado: New York : The Viking Press, 1968
Materias:
Etiquetas: Agregar Etiqueta
Sin Etiquetas, Sea el primero en etiquetar este registro!
LEADER 00453nam a22001575a 4500
001 EHU.bham008021
003 AR-BHAM
005 20100104140444.0
008 130507s1968##################000#0#####d
082 8 1 |a 813.5 
100 1 |a Kesey, Ken 
245 1 0 |a One flew over the cuckoo's nest /  |c Ken Kesey. 
260 |a New York :  |b The Viking Press,  |c 1968 
300 |a 311 p. 
653 |a Novela eeuu-1901- 
859 |a AR-BHAM  |b BIB. HUMANIDADES - General  |h 813.5  |i K48  |p 747.71  |t Ej.1